Dzielnice Warszawy - nagła śmierć - Statystyki

Ogólne statystyki
  • Ten quiz został rozwiązany 162 razy
  • Średni wynik to 8 z 15
Answers on the Grid
Answers color-coded by a green-red scale on the quiz's grid according to % correct below.
Ursus
Starówka
Dzielnica Królewska
Targówek
Kabaty
Wola
Jeżyce
Praga-Północ
Krakowskie Przedmieście
Wilanów
Ochota
Konstantów
Bemowo
Włochy
Rembertów
Wawel
Wawer
Osiedle Przyjaźń
Okęcie
Bielany
Śródmieście
Świętokrzyska
Powązki
Komarno-Wierzbno
Mokotów
Saska Kępa
Praga-Wschód
Wesoła
Praga-Południe
Wał Miedzeszyński
 
Statystyki odpowiedzi
Odpowiedź % Poprawnych
Ursus
85%
Targówek
68%
Wola
65%
Ochota
59%
Praga-Północ
58%
Wilanów
58%
Wawer
56%
Bemowo
53%
Włochy
51%
Śródmieście
49%
Mokotów
48%
Bielany
47%
Praga-Południe
44%
Rembertów
41%
Wesoła
39%
Nie znaleziono quizów pasujących do podanych kryteriów
Rozkład punktacji
Procent ludzi z każdym wynikiem
Percentyl według liczby udzielonych odpowiedzi
Twoja historia wyników
Nie rozwiązałeś tego quizu